Normal view
MARC view
- Shrivastav, S. S. \. Others
Entry Personal Name
001 - CONTROL NUMBER
- control field: 55181
003 - CONTROL NUMBER IDENTIFIER
- control field: OSt
005 - DATE AND TIME OF LATEST TRANSACTION
- control field: 20220806105034.0
008 - FIXED-LENGTH DATA ELEMENTS
- fixed length control field: 220806|| aca||aabn | a|a d
040 ## - CATALOGING SOURCE
- Original cataloging agency: OSt
- Transcribing agency: OSt
100 ## - HEADING--PERSONAL NAME
- Personal name: Shrivastav, S. S. \. Others
670 ## - SOURCE DATA FOUND
- Source citation: Work cat.: (OSt)31893: Shrivastav, S. S. \. Others, Secratarial Practice, 2008